Taylor Swift - Devine la chanson sans indices #26 - Statistiques

Statistiques générales
  • Ce quiz a été pris 342 fois
  • Le résultat moyen est 276 sur 428
Statistiques - réponses
Réponse % Correct
I
99%
a
97%
Ah
97%
(Ah)
97%
Oh
96%
the
91%
The
91%
We
88%
we
88%
He
86%
it
86%
me
86%
in
84%
on
84%
And
82%
and
82%
to
82%
To
82%
love
81%
is
80%
my
80%
are
78%
so
78%
So
78%
We're
78%
we're
78%
they
76%
like
75%
of
73%
that
73%
all
70%
for
70%
It's
70%
(it's
70%
But
69%
but
69%
I'm
68%
what
68%
could
67%
too
67%
with
66%
'Cause
65%
'cause
65%
new
65%
Then
62%
at
61%
baby
59%
Baby
59%
every
59%
romantic
59%
romantic)
59%
just
58%
Come
57%
come
57%
day
57%
get
57%
life
57%
mine
57%
our
57%
Out
57%
out
57%
us
57%
can't
56%
free
56%
dream
55%
night
55%
romantics
55%
off
54%
best
53%
castel
53%
castle
53%
know
53%
see
53%
young
53%
along
52%
them
50%
battle
49%
build
49%
people
49%
everything
48%
up
48%
dancing
47%
sing
47%
want
47%
national
46%
proudly
46%
anthem
45%
busy
45%
tired
45%
take
43%
bricks
42%
cry
42%
better
41%
bored
41%
Heartbreak
41%
tears
41%
threw
41%
hand
40%
Honey
40%
honey
40%
about
39%
face
39%
feet
39%
here
39%
bathroom
38%
mascara
38%
most
38%
true
38%
classroom
37%
coming
37%
leave
37%
back
36%
doin'
36%
play
36%
show
36%
aren't
35%
cruel
35%
dumb
35%
need
35%
wait
35%
Please
34%
rumors
34%
Trust
34%
danger
33%
exactly
33%
letters
33%
different
32%
ruin
32%
terrible
32%
Ace
29%
road
29%
trains
29%
scarlet
28%
lights
27%
timing
26%
knocked
25%
record
24%
team
24%
blinding
22%
changer
22%
poker
22%
switch
19%
hang
17%
sides
16%
noise
14%
standed
5%
Aucun quiz correspondant
Distribution des résultats
% des personnes avec chaque résultat
Percentile par nombre de réponses
Votre historique - résultats
Vous n’avez pas pris ce quiz